Bienvenue à la Médiathèque de Saint-Andiol
banniere
Accueil Recherche avancée Mon compte
handi1 Rechercher dans le catalogue

Filtre   Mots-clés
  Recherche avancée
 
Lister les dernières nouveautés
 
Lister les livres GROS CARACTERES
 
Lister les périodiques (magazines)

handi1 recettes picard les plus faciles du monde (Les)

Simplissime

Book Cover
Auteur principal : Jean-François Mallet
Titre : recettes picard les plus faciles du monde (Les)
Support : Livres
Langue : Francais
Genre : Documentaire
Sujets :
Étiquettes :
Pas de tags
LEADER 00771nam0a2200157 450
001 16868325
010 |a 327-0160850655  |b Br. 
100 |a 20260527d2026 u u0frey01 ba 
101 0 |a fre 
200 0 |a recettes picard les plus faciles du monde (Les)  |e Simplissime  |f Jean-François Mallet 
207 1 |a   
330 |a Nouvelle édition Simplissime ! 100 recettes, 100% Picard à réaliser en un tour de main. Pour chaque recette, vous retrouverez : - des indications de décongélation et de budget - 3 à 5 ingrédients - une préparation ultra rapide - une recette courte et claire. 
700 0 |a Mallet  |b Jean-François  |f 1967-....  |4 70 
900 |a Documentaire 
901 |a Adultes 
995 |a Médiathèque  |c Médiathèque  |f 089021867  |h 089021867  |k 641.5 MAL  |o p  |q a  |r az  |e Médiathèque